|
|
|
|
| LEADER |
00000nam a2200000 a 4500 |
| 001 |
vtls001326147 |
| 003 |
SK-MaSNL |
| 005 |
20260301005602.0 |
| 008 |
240318s1998 xo ak r 0yy0 slo |
| 015 |
|
|
|a SNBI1999/01-00214
|
| 020 |
|
|
|a 8088677556
|
| 035 |
|
|
|a SNK000278915
|
| 040 |
|
|
|a SNK
|b slo
|c SNK
|e AACR2
|
| 041 |
0 |
|
|a slo
|
| 044 |
|
|
|a xo
|c SK
|
| 080 |
|
|
|a 630:657.33(083.133)"1998"
|2 1981
|
| 080 |
|
|
|a 657.33
|2 1981
|
| 080 |
|
|
|a 351.823.1
|2 1981
|
| 100 |
1 |
|
|a Beláček, Milan
|4 aut
|9 279952
|
| 245 |
1 |
0 |
|a Lesnícky denník 1998
|c autor: Milan Beláček
|
| 260 |
|
|
|a Zvolen
|b Ústav pre výchovu a vzdelávanie pracovníkov lesného a vodného hospodárstva SR
|c 1998
|
| 300 |
|
|
|a 348 s.
|b inform., tb., pl.
|c 19x12 cm
|
| 500 |
|
|
|a Účelová publ. 3000 výt.
|
| 650 |
0 |
7 |
|a hospodárstvo lesné
|x denníky lesnícke
|y 1998
|x diáre
|x poriadky organizačné
|2 SNK
|9 290122
|
| 919 |
|
|
|a 80-88677-55-6
|
| 958 |
|
|
|a IPG
|
| 958 |
|
|
|a TL
|
| 999 |
|
|
|c 545591
|d 547521
|
| 952 |
|
|
|t P60, <09>, [BOOK], {629}
|a SNK
|b SNK
|y NEVYP
|7 0
|o snkD 31
|i snk115/990129
|0 0
|1 0
|4 0
|d 1999-01-27
|l 0
|r 2005-01-02 00:00:00
|w 2026-02-23
|
| 952 |
|
|
|t P60, <03>, [BOOK], {603}
|a SNK
|b SNK
|y PREZ
|7 0
|p 17A0177812
|o snkOSD 7540/1998
|i snkKSP 689/99
|0 0
|1 0
|4 0
|d 1999-01-27
|l 0
|r 2005-01-02 00:00:00
|w 2026-02-23
|
| 952 |
|
|
|t P60, <04>, [BOOK], {604}
|a SNK
|b SNK
|y VYP
|7 0
|p 17A0177813
|o snkOSD 7540/1998 D1
|i snkKSP 690/99
|0 0
|1 0
|4 0
|d 1999-01-27
|l 0
|r 2005-01-02 00:00:00
|w 2026-02-23
|